LEADER 01138nam--2200337---450- 001 990002229500203316 005 20090902093738.0 035 $a000222950 035 $aUSA01000222950 035 $a(ALEPH)000222950USA01 035 $a000222950 100 $a20041201d1923----km-y0itay0103----ba 101 $aita 102 $aIT 105 $a||||||||001yy 200 1 $a<> riscossione delle imposte dirette$etesto unico delle leggi, regolamenti, capitoli normali, tabella dei compensi sugli atti$fMinistero delle finanze, Direzione generale delle imposte dirette 210 $aRoma$cLibreria dello stato$d1923 215 $a345 p.$d25 cm 410 0$12001 454 1$12001 461 1$1001-------$12001 710 02$aItalia : Direzione generale delle imposte dirette$01068 801 0$aIT$bsalbc$gISBD 912 $a990002229500203316 951 $aXXIV.5.C 211 (IG VII 287)$b2515 G.$cXXIV.5.C 211 (IG VII)$d00239197 959 $aBK 969 $aGIU 979 $aSIAV2$b10$c20041201$lUSA01$h1443 979 $aRSIAV2$b90$c20090902$lUSA01$h0937 996 $aRiscossione delle imposte dirette$91035376 997 $aUNISA LEADER 01427nam0 2200361 i 450 001 SUN0124408 005 20200409023101.666 010 $d0.00 017 70$2N$a9784431560807 100 $a20191016d2017 |0engc50 ba 101 $aeng 102 $aJP 105 $a|||| ||||| 200 1 $a*Rheology of Biological Soft Matter$eFundamentals and Applications$fIsamu Kaneda editor 205 $aTokyo : Springer, 2017 210 $aVIII$d390 p.$cill. ; 24 cm 215 $aPubblicazione in formato elettronico 410 1$1001SUN0123458$12001 $a*Soft and Biological Matter$1210 $aBerlin$cSpringer. 620 $dTokyo$3SUNL000048 676 $a660$cIngegneria chimica e tecnologie connesse$v22 676 $a540$cChimica generale$v22 676 $a530.42$cFisica dello stato liquido$v22 676 $a641.3$cAlimenti$v22 676 $a620.192$cPolimeri$v22 676 $a532.05$cDinamica$v22 702 1$aKaneda$b, Isamu$3SUNV095847 712 $aSpringer$3SUNV000178$4650 801 $aIT$bSOL$c20200921$gRICA 856 4 $uhttps://link.springer.com/book/10.1007%2F978-4-431-56080-7#toc 912 $aSUN0124408 950 $aUFFICIO DI BIBLIOTECA DEL DIPARTIMENTO DI SCIENZE E TECNOLOGIE AMBIENTALI BIOLOGICHE E FARMACEUTICHE$d17CONS e-book 2111 $e17BIB2111 276 20191016 996 $aRheology of Biological Soft Matter$91563133 997 $aUNICAMPANIA